000 00690cam a2200265 i 4500
001 768714001
003 CO-MdFUSB
005 20240604131316.0
007 ta
008 240601t1928 -us||||| |||| 00| 0 spa d
040 _cCO-MdFUSB
041 0 _aspa
082 0 4 _224
_a234
_bD2611c
100 1 _aDavis, J. E.
_eautor
245 1 0 _aEl Camino de la Vida
_c/ J. E. Davis
264 1 _bCasa Bautista de Publicaciones,
_aEl Paso, TX., USA :
_c[1928]
264 4 _c©1928
300 _a136 Pag
336 _atexto
_btxt
_2rdacontent
337 _2rdamedia
_asin mediación
_bn
338 _2rdacarrier
_avolumen
_bnc
653 _aSoteriología
942 _cBK
945 _aEstudiante
999 _c34732
_d34732